000 00757nam a22002297a 4500
003 OSt
005 20250217120404.0
008 250217b |||||||| |||| 00| 0 eng d
020 _a9789966573360
040 _aMMARA-U
_beng
_cMMARA-U
_dMMARA-U
050 _aPL8703 .M38 2022
100 _aMatei , Assumpta
_92526
245 _aKurunzi ya kiswahili kitabu cha mwanafunzi gredi ya 7/
_cAssumpta Matei , Joseph Mwamburi, Kombo Kikechi, Lilian Musembi
260 _aNairobi Kenya :
_bSpotligtht( EA) Limited,
_c2022.
300 _a242 pages :
_bIllustrations ;
650 _akiswahili
_92527
700 _aMwamburi Joseph
_92528
700 _aKikechi Kombo
_92529
700 _aMusembi Lilian
_92530
700 _aMwangi Iribe
_92531
942 _2lcc
_cLOAN LOAN
999 _c33355
_d33352